|
|
|
|
| LEADER |
01090nam a2200313 a 4500 |
| 001 |
000623519 |
| 003 |
CZ BrMZK |
| 005 |
20190917085532.0 |
| 008 |
020918s2002 xr e cze d |
| 015 |
|
|
|a cnb001184690
|
| 020 |
|
|
|a 80-7257-825-1
|
| 035 |
|
|
|a (OCoLC)53261966
|
| 040 |
|
|
|a BOA001
|b cze
|
| 041 |
1 |
|
|a cze
|h eng
|
| 072 |
|
7 |
|a 821.111(73)-3
|x Americká próza
|2 Konspekt
|9 25
|
| 080 |
|
|
|a 821.111(73)-31
|2 MRF
|
| 080 |
|
|
|a (0:82-312.4)
|2 MRF
|
| 100 |
1 |
|
|a Parker, Robert B.,
|d 1932-2010
|7 jn19990006375
|4 aut
|
| 245 |
1 |
0 |
|a Smrt v ráji /
|c Robert B. Parker ; [z anglického originálu] přeložila Kateřina Knišová
|
| 250 |
|
|
|a 1. vyd. v českém jazyce.
|
| 260 |
|
|
|a Praha :
|b BB art,
|c 2002
|
| 300 |
|
|
|a 246 s. ;
|c 22 cm
|
| 655 |
|
7 |
|a americké romány
|7 fd131796
|2 czenas
|
| 655 |
|
7 |
|a detektivní romány
|7 fd132010
|2 czenas
|
| 700 |
1 |
|
|a Knišová, Kateřina
|7 jn20001227415
|4 trl
|
| 765 |
0 |
|
|t Death in paradise
|9 Česky
|
| 910 |
|
|
|a BOA001
|b 2-1105.923
|
| 990 |
|
|
|a BK
|
| 996 |
6 |
|
|b 2610169961
|c 2-1105.923
|l MZK
|r Sklad / do 1 hodiny
|n 2
|p p.v.
|w 000623519
|u 000010
|a 1
|e BOA001
|j MZK50
|s P
|